| 000 | 00781 a2200241 4500 | ||
|---|---|---|---|
| 001 | 41323 | ||
| 005 | 20260407155707.0 | ||
| 008 | 260407a1983 arg spa d | ||
| 003 | AR-UNSa-BCEJYS | ||
| 040 |
_aAR-UNSa-BCEJYS _bspa _cAR-UNSa-BCEJYS |
||
| 080 |
_a347.91(094.4) _xCódigo Procesal Civil y Comercial |
||
| 245 | 1 | 0 | _aCódigo procesal civil y comercial de la nación y normas complementarias |
| 020 | _a950-14-0109-X | ||
| 264 | 1 |
_aBuenos Aires : _bEdiciones Depalma _c1983 |
|
| 300 |
_a2 v. _c23 cm. |
||
| 505 | _aTomo I: Artículos 1 a 318 | ||
| 041 | _aspa | ||
| 942 | _cBK | ||
| 590 | _aniveau_biblio:m niveau_hierar:0 | ||
| 100 | 1 | _aPalma, Jorge Francisco | |
| 700 | 1 | _aSerantes Peña, Oscar Enrique | |
| 700 | 1 | _aArgentina (Código Procesal Civil y Comercial) | |
| 999 |
_c3466 _d3466 |
||